Сб. 66 : Города мира: [сборник]; Вопросы географии

Opis bibliograficzny
Parent link:Вопросы географии: [сборник]/ Географическое общество Союза ССР, Московский филиал. Сб. 66 : Города мира.— , 1946-1988
Kolejni autorzy: Маергойз И. М. (редактор), Варламов В. С.
Język:rosyjski
Wydane: Москва, Мысль, 1965
Hasła przedmiotowe:
Format: Książka
KOHA link:https://koha.lib.tpu.ru/cgi-bin/koha/opac-detail.pl?biblionumber=314649

MARC

LEADER 00000nam2a2200000 4500
001 314649
005 20231102002711.0
035 |a (RuTPU)RU\TPU\book\340071 
090 |a 314649 
100 |a 20160218d1965 k y0rusy50 ca 
101 0 |a rus 
102 |a RU 
105 |a a z 001zb 
200 0 |a Сб. 66 : Города мира  |e [сборник]  |f отв. ред. И. М. Маергойз , В. С. Варламов 
210 |a Москва  |c Мысль  |d 1965 
215 |a 223 с.  |c ил. 
320 |a Библиогр. в примеч. 
461 1 |0 (RuTPU)RU\TPU\book\142639  |t Вопросы географии  |o [сборник]  |f Географическое общество Союза ССР, Московский филиал  |v Сб. 66 : Города мира  |d 1946-1988  |s Научные сборники московского филиала Географического общества Союза ССР 
600 1 |a Баранский  |b Н. Н.  |c русский экономико-географ  |f 1881-1963  |g Николай Николаевич  |2 stltpush  |3 (RuTPU)RU\TPU\pers\12643  |9 3602 
606 1 |a География городов  |2 stltpush  |3 (RuTPU)RU\TPU\subj\5928  |9 33912 
610 1 |a урбанизация 
610 1 |a типология 
610 1 |a Западная Европа 
610 1 |a Япония 
610 1 |a СССР 
610 1 |a количественная оценка 
610 1 |a малые города 
610 1 |a США 
610 1 |a Канада 
610 1 |a Британия 
675 |a 911.3  |v 4 
702 1 |a Маергойз  |b И. М.  |4 340 
702 1 |a Варламов  |b В. С.  |4 340 
801 1 |a RU  |b 63413507  |c 20160218 
801 2 |a RU  |b 63413507  |c 20190716  |g RCR 
942 |c BK